La poesía hebráica postbíblica / (Record no. 120314)

MARC details
000 -LEADER
campo de control de longitud fija 00647nam a2200205 4500
001 - NÚMERO DE CONTROL
campo de control 120314
003 - IDENTIFICADOR DE NÚMERO DE CONTROL
campo de control ES-MaACL
005 - FECHA Y HORA DE LA ÚLTIMA TRANSACCIÓN
campo de control 20250822153248.0
007 - CAMPO FIJO DE DESCRIPCIÓN FÍSICA--INFORMACIÓN GENERAL
campo de control de longitud fija t|
008 - DATOS DE LONGITUD FIJA--INFORMACIÓN GENERAL
campo de control de longitud fija 070214s1953 sp r ||||1| spa d
245 03 - MENCIÓN DEL TÍTULO
Título La poesía hebráica postbíblica /
Mención de responsabilidad, etc. selección, traducción, prólogo y notas de José María Millás Vallicrosa.
250 ## - MENCION DE EDICION
Mención de edición 1ª. ed.
260 ## - PUBLICACIÓN, DISTRIBUCIÓN, ETC.
Lugar de publicación, distribución, etc. Barcelona :
Nombre del editor, distribuidor, etc. José Janes,
Fecha de publicación, distribución, etc. 1953.
300 ## - DESCRIPCIÓN FÍSICA
Extensión XXIX, 389 p. ;
Dimensiones 20 cm.
490 1# - MENCIÓN DE SERIE
Mención de serie El mensaje
700 1# - ENTRADA AGREGADA--NOMBRE PERSONAL
Nombre de persona Millás Vallicrosa, José María,
Fechas asociadas al nombre 1888-1970
9 (RLIN) 81191
830 0# - PUNTO DE ACCESO ADICIONAL DE SERIE-TÍTULO UNIFORME
Título uniforme El mensaje
9 (RLIN) 183903
852 ## - LOCALIZACIÓN
Ubicación ES-MaACL
Número de control de estantería C-6811
Sublocalización o colección R.35306
Holdings
Estatus retirado Estado de pérdida Estado de daño No para préstamo Biblioteca de origen Biblioteca actual Ubicación en estantería Fecha de adquisición Fuente de adquisición Total de préstamos Signatura topográfica completa Código de barras Visto por última vez Precio de reemplazo Tipo de ítem Koha
        Biblioteca del Ateneo de Madrid Biblioteca del Ateneo de Madrid Sala Palomar 17/01/2008     C-6811 1125405 23/02/2023 23/02/2023 Libro impreso